000 00585nam a2200193Ia 4500
003 GCL
008 140319s9999 xx 000 0 ara d
040 _aGCL /
_cGCL
082 0 4 _aق
_b962.052
_bت ش
100 1 _aشهدى عطية الشافعى
245 1 0 _aتطور الحركة الوطنية المصرية 1882 - 1956 /
_cشهدى عطية الشافعى
300 _a333 ص
490 _a
650 0 4 _aمصر
650 0 4 _aالتاريخ
650 0 4 _aثورة عرابى
650 0 4 _aمصر - تاريخ - العصر الحديث - ثورة 1919
942 _2ddc
_cBK
999 _c44379
_d44379